<?xml version="1.0" encoding="UTF-8"?>
<record
    xmlns:xsi="http://www.w3.org/2001/XMLSchema-instance"
    xsi:schemaLocation="http://www.loc.gov/MARC21/slim http://www.loc.gov/standards/marcxml/schema/MARC21slim.xsd"
    xmlns="http://www.loc.gov/MARC21/slim">

  <leader>04865nam a2200373 a 4500</leader>
  <controlfield tag="003">CHAP</controlfield>
  <controlfield tag="005">20250605104301.0</controlfield>
  <controlfield tag="007">ta</controlfield>
  <controlfield tag="008">250128s2024    mx ad||fom||| 001 0 spa d</controlfield>
  <datafield tag="040" ind1=" " ind2=" ">
    <subfield code="e">rda</subfield>
  </datafield>
  <datafield tag="041" ind1=" " ind2=" ">
    <subfield code="a">spa</subfield>
    <subfield code="b">eng</subfield>
  </datafield>
  <datafield tag="100" ind1="1" ind2=" ">
    <subfield code="a">Castellanos Santos, Olademis Rub&#xED;</subfield>
    <subfield code="9">189955</subfield>
  </datafield>
  <datafield tag="245" ind1="1" ind2="0">
    <subfield code="a">Uso de aceite esencial de or&#xE9;gano (Lippia berlandieri Schauer ) en la conservaci&#xF3;n de chorizo mexicano /</subfield>
    <subfield code="c">Olademis Rub&#xED; Castellanos Santos</subfield>
  </datafield>
  <datafield tag="264" ind1=" " ind2=" ">
    <subfield code="a">Chapingo, M&#xE9;xico :</subfield>
    <subfield code="b">El autor,</subfield>
    <subfield code="c">2024</subfield>
  </datafield>
  <datafield tag="300" ind1=" " ind2=" ">
    <subfield code="a">1 recurso en l&#xED;nea ( 70 p&#xE1;ginas) : </subfield>
    <subfield code="b">ilustraciones, tablas, gr&#xE1;ficas</subfield>
  </datafield>
  <datafield tag="336" ind1=" " ind2=" ">
    <subfield code="2">rdacontent</subfield>
    <subfield code="a">texto</subfield>
    <subfield code="b">txt</subfield>
  </datafield>
  <datafield tag="337" ind1=" " ind2=" ">
    <subfield code="2">rdamedia</subfield>
    <subfield code="a">computadora</subfield>
    <subfield code="b">c</subfield>
  </datafield>
  <datafield tag="338" ind1=" " ind2=" ">
    <subfield code="2">rdacarrier</subfield>
    <subfield code="a">recurso en l&#xED;nea</subfield>
    <subfield code="b">cr</subfield>
  </datafield>
  <datafield tag="502" ind1=" " ind2=" ">
    <subfield code="a">Tesis</subfield>
    <subfield code="b">IA</subfield>
    <subfield code="c">Agroindustrias</subfield>
    <subfield code="d">2024</subfield>
    <subfield code="g">LIC</subfield>
  </datafield>
  <datafield tag="504" ind1=" " ind2=" ">
    <subfield code="a">Bibliograf&#xED;a : p&#xE1;ginas 58-65</subfield>
  </datafield>
  <datafield tag="520" ind1="3" ind2=" ">
    <subfield code="a">Esta investigaci&#xF3;n tuvo como objetivo evaluar los efectos de la adici&#xF3;n de aceite esencial de or&#xE9;gano (AEO: Lippia berlandieri Schauer) en cuatro concentraciones distintas: 0, 0.05, 0.075 y 0.1 g&#x25CF;kg-1 AEO, sobre las caracter&#xED;sticas fisicoqu&#xED;micas, composici&#xF3;n qu&#xED;mico proximal y conservaci&#xF3;n de chorizo mexicano almacenado a temperatura ambiente (25&#xB0;C) durante 1, 4 y 7 d&#xED;as. Las pruebas fisicoqu&#xED;micas mostraron que el pH disminuy&#xF3; a medida que aument&#xF3; el tiempo de conservaci&#xF3;n, mientras que la p&#xE9;rdida de peso aument&#xF3; (p &#x2264; 0.05), sin mostrar diferencias significativas (p &gt; 0.05) entre el control y las muestras adicionadas con AEO. El AEO no afect&#xF3; el contenido de humedad, prote&#xED;na, grasa, ceniza y materia no digerible. Los resultados microbiol&#xF3;gicos indicaron que las muestras que conten&#xED;an 0.075 y 0.1 1 g&#x25CF;kg-1 AEO mostraron una menor carga de coliformes totales (p &#x2264; 0.05) al d&#xED;a 4 y 7 en comparaci&#xF3;n con la muestra control. Mientras que las BAL y mes&#xF3;filos aumentaron de forma exponencial al d&#xED;a 4 y 7, sin mostrar diferencias significativas entre los tratamientos con AEO y control. 
En cuanto al an&#xE1;lisis sensorial, no se obtuvo diferencia significativa en la prueba &#x201C;A- No es A&#x201D;, es decir, que los panelistas no lograron identificar y diferenciar entre el chorizo sin AEO y el chorizo que conten&#xED;a 0.075 g&#x25CF;kg-1 AEO. 
Los resultados obtenidos sugieren que la adici&#xF3;n de AEO puede utilizarse como bioconservador en chorizo mexicano sin afectar su composici&#xF3;n nutricional, adem&#xE1;s que, desde el punto de vista sensorial, el AEO pasa desapercibido en la formulaci&#xF3;n de chorizo.</subfield>
  </datafield>
  <datafield tag="520" ind1="3" ind2=" ">
    <subfield code="a">The aim of this study was to evaluate the effects of the addition of oregano essential oil (AEO: Lippia berlandieri Schauer) in four different concentrations: 0, 0.05, 0.075 and 0.1 g&#x25CF;kg-1 on the physicochemical characteristics, proximal chemical composition and preservation of Mexican chorizo stored at room temperature (25&#xB0;C) for 1, 4 and 7 days. Physicochemical tests showed that pH decreased with increasing storage time, while weight loss increased (p &#x2264; 0.05), without showing significant differences (p &gt; 0.05) between control and AEO addition. AEO did not affect moisture, protein, fat, ash, and indigestible matter content. Microbiological results showed that samples containing 0.075 and 0.1 g&#x25CF;kg-1 AEO had a lower total coliforms (p &#x2264; 0.05) at days 4 and 7 compared to the control sample. While BAL and aerobic mesophilic bacteria increased exponentially at days 4 and 7 without showing significant differences between AEO treatments and control. The results obtained suggest that the addition of AEO can be used as a biopreservative in Mexican chorizo without affecting its nutritional composition. 
Regarding the sensory analysis, no significant difference was obtained in the &#x201C;A- Not A&#x201D; test, that is, the panelists were unable to identify and differentiate between the chorizo without AEO and the chorizo that contained 0.075 g&#x25CF;kg-1 AEO. 
The results obtained suggest that the addition of AEO can be used as a biopreservative in Mexican chorizo without affecting its nutritional composition and that, from a sensory point of view, the AEO goes unnoticed in the chorizo formulation.</subfield>
  </datafield>
  <datafield tag="650" ind1="1" ind2="3">
    <subfield code="a">Productos c&#xE1;rnicos  </subfield>
    <subfield code="2">atg</subfield>
    <subfield code="9">147832</subfield>
    <subfield code="x">Evaluaci&#xF3;n sensorial de los alimentos</subfield>
  </datafield>
  <datafield tag="650" ind1="1" ind2="3">
    <subfield code="a">Productos c&#xE1;rnicos  </subfield>
    <subfield code="2">atg</subfield>
    <subfield code="9">147832</subfield>
    <subfield code="x">Preservaci&#xF3;n de alimentos</subfield>
  </datafield>
  <datafield tag="650" ind1="1" ind2="3">
    <subfield code="a">Aceite de or&#xE9;gano</subfield>
    <subfield code="2">atg</subfield>
    <subfield code="9">445</subfield>
    <subfield code="x">Propiedades fisicoqu&#xED;micas</subfield>
  </datafield>
  <datafield tag="650" ind1="1" ind2="3">
    <subfield code="a">Meat products  </subfield>
    <subfield code="2">atg</subfield>
    <subfield code="9">147939</subfield>
    <subfield code="x">Sensory evaluation</subfield>
  </datafield>
  <datafield tag="650" ind1="1" ind2="3">
    <subfield code="a">Meat products  </subfield>
    <subfield code="2">atg</subfield>
    <subfield code="9">147939</subfield>
    <subfield code="x">Food preservation</subfield>
  </datafield>
  <datafield tag="650" ind1="1" ind2="3">
    <subfield code="a">Oregano oil</subfield>
    <subfield code="2">atg</subfield>
    <subfield code="9">189956</subfield>
    <subfield code="x">Physicochemical properties</subfield>
  </datafield>
  <datafield tag="700" ind1="1" ind2=" ">
    <subfield code="a">Flores Gir&#xF3;n, Emmanuel</subfield>
    <subfield code="9">161718</subfield>
    <subfield code="e">director</subfield>
  </datafield>
  <datafield tag="700" ind1="1" ind2=" ">
    <subfield code="a">Sandoval Castilla, Ofelia</subfield>
    <subfield code="9">151810</subfield>
  </datafield>
  <datafield tag="700" ind1="1" ind2=" ">
    <subfield code="a">M&#xE9;ndez Zamora, Gerardo</subfield>
    <subfield code="9">76604</subfield>
    <subfield code="e">asesor</subfield>
  </datafield>
  <datafield tag="856" ind1="4" ind2="0">
    <subfield code="y">DESCARGAR PDF</subfield>
    <subfield code="u">http://10.13.5.2/tesis/tl/1710379-3_CASTELLANOS_SANTOS_OLADEMISRUBI.pdf</subfield>
  </datafield>
  <datafield tag="942" ind1=" " ind2=" ">
    <subfield code="2">Clasificaci&#xF3;n Universidad Aut&#xF3;noma Chapingo</subfield>
    <subfield code="c">TD</subfield>
  </datafield>
  <datafield tag="999" ind1=" " ind2=" ">
    <subfield code="c">220391</subfield>
    <subfield code="d">220391</subfield>
  </datafield>
  <datafield tag="952" ind1=" " ind2=" ">
    <subfield code="0">0</subfield>
    <subfield code="1">0</subfield>
    <subfield code="2">local</subfield>
    <subfield code="4">0</subfield>
    <subfield code="7">0</subfield>
    <subfield code="8">TesDigL</subfield>
    <subfield code="a">IA_</subfield>
    <subfield code="b">IA_</subfield>
    <subfield code="c">E_L</subfield>
    <subfield code="d">2025-01-28</subfield>
    <subfield code="e">El autor</subfield>
    <subfield code="l">0</subfield>
    <subfield code="p">1201015199</subfield>
    <subfield code="r">2025-01-28 09:22:19</subfield>
    <subfield code="w">2025-01-28</subfield>
    <subfield code="y">TD</subfield>
  </datafield>
  <datafield tag="952" ind1=" " ind2=" ">
    <subfield code="0">0</subfield>
    <subfield code="1">0</subfield>
    <subfield code="2">local</subfield>
    <subfield code="4">0</subfield>
    <subfield code="5">1</subfield>
    <subfield code="7">0</subfield>
    <subfield code="8">TesDigL</subfield>
    <subfield code="a">BD</subfield>
    <subfield code="b">BD</subfield>
    <subfield code="c">E_L</subfield>
    <subfield code="d">2025-06-05</subfield>
    <subfield code="l">0</subfield>
    <subfield code="o">Tesis digital</subfield>
    <subfield code="r">2025-06-05 11:42:28</subfield>
    <subfield code="w">2025-06-05</subfield>
    <subfield code="y">TD</subfield>
  </datafield>
</record>
